| 000 | 00844nas a2200265 4500 | ||
|---|---|---|---|
| 001 | BR8902496 | ||
| 003 | BR-BrBNA | ||
| 005 | 20231205091542.0 | ||
| 007 | ta | ||
| 008 | 230509b bl.|||p| |||| 00| 00por d | ||
| 040 |
_aBR-BrBNA _bpor _cBiblioteca Nacional de Agricultura |
||
| 041 | _a(Pt) | ||
| 072 | _aL53 | ||
| 100 | 1 | _aKozicki, L.E. | |
| 100 | 1 | _aTahira, J.K. | |
| 245 | 1 | _aContribuicao ao estudo do puerperio em vacas leiteiras | |
| 246 | 1 | _aObservations on reproductive processes in dairy cows in the post partum period | |
| 650 | _aVACA LEITEIRA | ||
| 650 | _aPOS-PARTO | ||
| 650 | _aAPARELHO REPRODUTOR | ||
| 650 | _aDOENCA ANIMAL | ||
| 773 | 0 |
_tRevista do Setor de Ciencias Agrarias (Brazil) _xISSN 0100-607X _g(1987), v. 9(1-2) p. 145-151 _wBR8902496 |
|
| 909 |
_a202311 _bLúcia _c55 _dLúcia Elande |
||
| 942 |
_2AGRIS _n0 _cANA |
||
| 999 |
_c125815 _d125815 |
||